Statistics for Billboard songs of 2022 (top 20)

Click here to take the quiz!

General Stats

  • This quiz has been taken 14 times
  • The average score is 6 of 20

Answer Stats

HintAnswer% Correct
Harry StylesAs It Was
100%
Glass AnimalsHeat Waves
64%
The Kid LAROI ft. Justin BieberStay
64%
Ed SheeranBad Habits
45%
GayleABCDEFU
36%
AdeleEasy On Me
36%
Jack HarlowFirst Class
36%
Lil Nas X ft. Jack HarlowIndustry Baby
36%
Ed SheeranShivers
36%
LizzoAbout Damn Time
27%
Imagine Dragons ft. JIDEnemy
27%
Justin BieberGhost
27%
Lil Nas XThat's What I Want
27%
Elton John ft. Dua LipaCold Heart PNAU Remix
18%
LattoBig Energy
9%
Bad Bunny ft. Chencho CorleoneMe Porto Bonito
9%
Future ft. Drake and TemsWAIT FOR U
9%
Morgan WallenWasted On You
9%
Doja CatNeed To Know
0%
Kodak BlackSuper Gremlin
0%

Score Distribution

Percentile by Number Answered

Percent of People with Each Score

Your Score History

You have not taken this quiz